[Event "19th Delhi GM Open 2022"]
[Site "Delhi"]
[Date "2022.03.25"]
[Round "5.9"]
[White "Harsha Bharathakoti"]
[Black "Anuj Shrivatri"]
[Result "1-0"]
[WhiteElo "2499"]
[BlackElo "2350"]
[Annotator "TA"]
[PlyCount "63"]
[EventDate "2022.03.22"]
[EventType "swiss"]
[EventCountry "IND"]
[SourceTitle "playchess.com"]
[Source "ChessBase"]
[SourceQuality "1"]

{[%evp 20,63,32,12,13,2,19,23,33,12,20,12,48,36,97,92,96,93,81,91,113,105,108,128,104,117,102,95,93,99,218,162,341,337,611,598,701,685,709,690,707,709,761,677,812,769]} 1. e4 e5 2. Nf3 Nc6 3. Bb5 a6 4. Ba4 Nf6 5. O-O Be7 6. Re1 b5 7. Bb3 O-O 8. a4 Bb7 9. d3 d6 10. Bd2 b4 11. c3 Rb8 {is currently scoring better than 11...bxc3. C88: Closed Ruy Lopez: Anti-Marshall Systems.} 12. h3 bxc3 13. bxc3 Na5 {White has an edge.} 14. Ba2 {[#]} c5 $146 {[%cal Oc5c4]} ({Predecessor:} 14... Ba8 15. Qc2 Qd7 16. Be3 h6 17. Nbd2 c5 18. Qd1 Bc6 19. Nh4 Nxe4 20. Nxe4 Bxh4 {½-½ (49) Paleckis,E (2179)-Viskontas,J (2035) ICCF email 2019}) 15. Na3 {Prevents c4.} Bc8 16. d4 d5 (16... Qc7 $14) 17. exd5 $1 $16 {[%cal Od5d6] aiming for d6!} ({But not} 17. Bxd5 Nxd5 18. exd5 f6 $14) 17... e4 18. Ne5 ({Much worse is} 18. Bf4 Rb7 $11) 18... cxd4 {[#]} 19. Nac4 {And now Nxa5 would win.} Nxc4 (19... Nxd5 $2 20. Nxa5 Qxa5 21. Nc6 $18) 20. Bxc4 Bb7 21. cxd4 {White is more active.} Bxd5 22. Bxa6 Qb6 {[%csl LRa6,LRd4]} 23. Bb5 Qxd4 {[#]} 24. Bf4 Qc3 (24... Qxd1 $16 25. Raxd1 Ra8) 25. Rc1 {[%cal Ba1c1,Bc1c8,Bc8b8][%mdl 32]} Qa5 (25... Qb4 {was called for.} 26. Nd7 Bb3 27. Nxf6+ Bxf6) 26. Nd7 $18 Rxb5 (26... Nxd7 27. Bxb8 (27. Qxd5 Nf6 $16) (27. Bxd7 Rb2 $14) 27... Qa8) 27. axb5 {Threatens to win with Nxf6+. White is clearly winning.} Qxb5 28. Nxf8 Bxf8 29. Rc8 Qd7 30. Rb8 h6 31. Qd4 Qc6 32. Rc1 {White took control after the opening.  Weighted Error Value: White=0.11 (very precise) /Black=0.47} 1-0

[Event "19th Delhi GM Open 2022"]
[Site "Delhi"]
[Date "2022.03.25"]
[Round "5.10"]
[White "Karthik Venkataraman"]
[Black "Rout Yashita"]
[Result "1-0"]
[WhiteElo "2485"]
[BlackElo "1392"]
[Annotator "TA"]
[PlyCount "125"]
[EventDate "2022.03.22"]
[EventType "swiss"]
[EventCountry "IND"]
[SourceTitle "playchess.com"]
[Source "ChessBase"]
[SourceQuality "1"]

{[%evp 13,125,-14,6,-9,11,7,8,-6,20,10,6,0,27,-3,62,-4,-6,-6,-15,-31,-16,-47,-41,-53,-47,-38,-25,-25,0,-2,23,0,25,37,59,0,0,-35,-34,-37,-43,-42,0,0,58,0,77,76,80,57,91,76,127,82,131,102,143,150,178,173,243,242,237,243,227,231,389,289,304,298,391,272,301,260,431,433,392,230,247,241,271,264,528,521,564,561,1815,630,1106,1093,1008,572,920,903,893,889,829,800,892,737,1423,1408,1244,1213,1240,1113,1664,1602,2409,2590,29980,29981,5683,5616]} 1. b3 d5 2. Bb2 Nf6 3. g3 e6 4. Bg2 Be7 5. f4 c5 6. Nf3 Nc6 7. O-O O-O 8. e3 {A03: Bird's Opening with 1...d5.} b6 9. Qe2 Bb7 10. d3 {The position is equal.} Rc8 11. c4 {[#]} Qc7 $146 ({Predecessor:} 11... Re8 12. Ne5 Bf8 13. Nd2 Rc7 14. Rad1 Nxe5 15. fxe5 Nd7 16. Rf4 f6 17. exf6 Nxf6 {0-1 (42) Girinath,P (2378)-Nguyen,A (2528) Dhaka 2007}) 12. Nc3 Rfd8 13. Rad1 a6 (13... d4 $11 14. Nb5 Qb8) 14. Ne5 ({Better is} 14. f5 $1 $14 d4 15. fxe6 dxc3 16. exf7+ Kxf7 17. Bxc3) 14... d4 $11 (14... Nxe5 15. fxe5 Ne8 16. Qf2 $16) 15. Bxc6 Bxc6 16. exd4 cxd4 17. Nb1 Ba8 18. Nd2 b5 19. h3 bxc4 20. bxc4 Rb8 (20... Qb7 $5 21. Ndf3 Bc5 $11) 21. Nb3 Bc5 22. Kh2 a5 {[%cal Ba6a5,Ba5a4][%mdl 32]} 23. Qf2 Qa7 24. Rb1 (24. Nxc5 $14 Qxc5 25. Rb1) 24... Bb6 $1 25. Ba3 (25. Bxd4 $5 Bxd4 26. Nxd4 $11) 25... a4 26. Na1 Nd7 27. Nc2 Nc5 (27... f6 $15 {was preferrable.} 28. Nf3 Bc5) 28. Qe2 f6 {[#]} ({Black should play} 28... Qc7 $11) 29. Nf3 (29. Nc6 $1 $14 Bxc6 30. Bxc5 Bxc5 31. Qxe6+ Qf7 32. Qxc6) 29... Bxf3 (29... Re8 $11) 30. Qxf3 $16 Rbc8 31. Rfe1 Rd6 {Black is on the road to losing.} 32. Rb5 Qc7 (32... Qd7 $142) 33. Reb1 ({White should try} 33. Nb4) 33... h6 (33... Qd8 $142) 34. Qg4 {[#] Black must now prevent Bxc5.} f5 (34... Qd8 $142) 35. Qe2 Ba7 36. Ne1 {[%cal Bc2e1,Be1f3,Bf3e5][%mdl 32] And now Nf3 would win.} ({Stronger than} 36. Nxd4 Rxd4 37. Bxc5 (37. Rxc5 $2 Bxc5 38. Bb2 Rdd8 $19) 37... Bxc5 $17) 36... Rc6 (36... Qd8 {might work better.} 37. Nf3 Ra6) 37. Nf3 $18 {Threatens to win with Ne5.} Qd8 38. Ne5 R6c7 39. Qh5 Qf6 $2 (39... Nxd3 40. Nxd3 Rxc4) 40. h4 Kh7 41. Kg2 {[%cal Bh2g2,Bg2f1,Bf1e2,Be2d1][%mdl 32]} Kg8 42. Kf1 Kh7 43. Ke2 Rd8 $2 (43... g6 {keeps fighting.} 44. Qf3 Qd8) 44. Qf3 Rdc8 45. h5 (45. Ra5 $142) 45... Qd8 46. Kd1 Qf6 47. Bb4 Qd8 $2 (47... Re8 {was necessary.} 48. Kd2 Qe7) 48. Ba5 Qd6 49. Bxc7 Rxc7 50. g4 (50. Qa8 $142 Rd7 51. Nxd7 Nxd7 52. Qxa7) 50... Nd7 51. gxf5 exf5 52. Qh3 Qf6 53. Nxd7 Rxd7 54. Qxf5+ Qxf5 55. Rxf5 {[%mdl 4096] Endgame KRR-KRB} Re7 56. Re5 Rf7 57. f5 Kg8 58. Ra5 Kf8 59. Rb4 Kg8 60. Rbxa4 Bb6 61. Rb5 Bc7 62. Ra8+ Kh7 63. Ra7 {Weighted Error Value: White=0.40/Black=0.54} 1-0

[Event "19th Delhi GM Open 2022"]
[Site "Delhi"]
[Date "2022.03.25"]
[Round "5.11"]
[White "Shyaamnikhil P"]
[Black "Das, Sayantan"]
[Result "1/2-1/2"]
[WhiteElo "2442"]
[BlackElo "2459"]
[Annotator "TA"]
[PlyCount "68"]
[EventDate "2022.03.22"]
[EventType "swiss"]
[EventCountry "IND"]
[SourceTitle "playchess.com"]
[Source "ChessBase"]
[SourceQuality "1"]

{[%evp 9,68,0,-6,-13,-8,-7,18,9,10,3,29,-1,0,0,0,0,12,0,0,-4,0,-66,-44,-62,-28,-30,-19,-33,-21,-24,0,0,6,9,7,0,2,6,2,7,5,5,5,7,6,5,5,5,5,0,0,0,0,0,0,0,7,0,0,0,8]} 1. e4 e6 2. d4 d5 3. Nc3 {[%cal Bb1c3,Bc3e2,Be2d4][%mdl 32]} Bb4 4. e5 c5 5. Bd2 Ne7 6. Nce2 {C17: French: 3 Nc3 Bb4 4 e5 c5 sidelines.} Bxd2+ 7. Qxd2 cxd4 8. Nxd4 Nbc6 9. Ngf3 Ng6 {[#]} 10. Qc3 $146 ({Predecessor:} 10. Nxc6 bxc6 11. Bd3 Qb6 12. Bxg6 hxg6 13. b3 Ba6 14. Qd4 c5 15. Qd2 Qc7 16. O-O-O {0-1 (37) Feng,J (1307)-Gruber,R (1600) LSS email 2019}) 10... O-O 11. Nxc6 bxc6 12. h4 {[%cal Bh2h4,Bh4h5][%mdl 32]} h6 13. h5 Ne7 {[%cal Bg6e7,Be7d5,Bd5b4,Bb4a2,Ba2c3][%mdl 32]} 14. Qc5 a5 {[%cal Ba7a5,Ba5a4][%mdl 32]} 15. c4 (15. O-O-O $11) 15... a4 $15 16. Rc1 Ra5 17. Qa3 c5 18. cxd5 Nxd5 19. Rxc5 Qb6 (19... Nf4 {looks sharper.} 20. Rh4 Rxc5 21. Qxc5 Nd3+ 22. Bxd3 Qxd3 23. Nd2 Ba6) 20. Rc2 {The position is equal.} Qb4+ 21. Qxb4 Nxb4 22. Rc4 Nxa2 23. Rhh4 a3 24. bxa3 {With the idea a4.} Rxa3 25. Ra4 Rxa4 26. Rxa4 Nc3 27. Ra7 Rd8 {[%csl Gc3][%cal Rd8d1] [#] Prevents Nd4.} 28. Nd2 Bd7 29. f4 Nd5 30. g3 Ne3 31. Kf2 Ng4+ 32. Ke1 Ne3 33. Kf2 Ng4+ 34. Ke1 Ne3 {Weighted Error Value: White=0.08 (flawless) /Black=0.05 (flawless)} 1/2-1/2

[Event "19th Delhi GM Open 2022"]
[Site "Delhi"]
[Date "2022.03.25"]
[Round "5.12"]
[White "Krishna C R G"]
[Black "Liyanage, Ranindu Dilshan"]
[Result "1-0"]
[WhiteElo "2466"]
[BlackElo "2340"]
[Annotator "TA"]
[PlyCount "83"]
[EventDate "2022.03.22"]
[EventType "swiss"]
[EventCountry "IND"]
[SourceTitle "playchess.com"]
[Source "ChessBase"]
[SourceQuality "1"]

{[%evp 9,83,0,16,15,31,2,28,47,54,50,58,37,70,50,104,95,119,108,122,85,80,79,83,56,129,124,184,184,183,181,191,190,190,177,254,238,348,338,345,330,333,315,720,658,690,280,280,272,291,271,294,286,294,291,287,279,314,310,323,316,323,308,316,293,498,469,29964,29965,29959,29965,29958,29965,29946,12794,10828,8362]} 1. d4 Nf6 2. c4 e6 3. g3 d5 4. Bg2 dxc4 5. Qa4+ c6 6. Qxc4 {E02: Open Catalan: 5 Qa4+.} b5 7. Qd3 Qb6 8. Nf3 {White has an edge.} a5 9. O-O Nbd7 10. Bg5 {[#]} Bb7 $146 ({Predecessor:} 10... Ba6 11. Nbd2 c5 12. Ne5 c4 13. Qc2 Rc8 14. Ne4 Nxe5 15. Bxf6 Nc6 16. Bxg7 Nb4 {0-1 (27) Orlowski,J (2210)-Rausch,S (2310) Germany 1996}) 11. Rc1 c5 (11... a4 $14) 12. a4 $1 $16 b4 13. Nbd2 {[%cal Bb1d2,Bd2c4,Bc4a5][%mdl 32]} Be7 14. Nc4 Qa6 15. Nfe5 {And now Nxd7 would win.} Bxg2 16. Kxg2 Rd8 {White leaves nothing to chance now.} (16... cxd4 $14 17. Nxd7 (17. Qxd4 Rd8 $11) 17... Nxd7 18. Bxe7 Kxe7) 17. Qf3 {White is much more active. Black has bad knights.} cxd4 (17... Rc8 $16) 18. Nc6 $18 Rc8 19. N4xa5 Bd6 {[#]} 20. Nxd4 $1 O-O 21. Bxf6 Rxc1 (21... Nxf6 {might work better.} 22. Qb7 Qxb7+ 23. Nxb7 Be5) 22. Rxc1 Qxa5 {[#]} (22... Nxf6 {was worth a try.} 23. Nc4 Rc8) 23. Nc6 $1 Qxa4 {[#]} 24. Bxg7 {[%mdl 512]} Kxg7 25. Qg4+ Kf6 $2 (25... Kh6 26. Qd4 Qb5) 26. Qd4+ Be5 27. Nxe5 (27. Qxd7 $142 Kg7 28. Nxe5 Qxd7 29. Nxd7) 27... Nxe5 28. Qf4+ Kg6 {Hoping for ...Qb5.} 29. Qxe5 {[%mdl 4096] Endgame aiming for Rc4. KQR-KQR} Qa8+ 30. Kh3 Qd5 31. Qxd5 exd5 {KR-KR} 32. Rc6+ f6 33. Kg4 Re8 34. Kf3 Re4 35. b3 Kf5 36. Rc8 h6 $2 (36... Rd4 37. Rb8 h5) 37. Rd8 Rd4 {[#]} (37... Ke5 $18 38. e3 h5) 38. Rxd5+ $3 {[%mdl 512]} Rxd5 39. e4+ Ke5 40. exd5 Kxd5 {[#]} 41. Ke3 $1 {Intending g4 and mate.} f5 42. f3 {Weighted Error Value: White=0.17 (very precise) /Black=0.48} 1-0

[Event "19th Delhi GM Open 2022"]
[Site "Delhi"]
[Date "2022.03.25"]
[Round "5.13"]
[White "Gukesh D"]
[Black "Singh Ojasva"]
[Result "1-0"]
[WhiteElo "2614"]
[BlackElo "2141"]
[Annotator "TA"]
[PlyCount "49"]
[EventDate "2022.03.22"]
[EventType "swiss"]
[EventCountry "IND"]
[SourceTitle "playchess.com"]
[Source "ChessBase"]
[SourceQuality "1"]

{[%evp 9,49,-8,58,44,52,45,31,27,57,42,61,65,58,50,64,72,68,64,62,50,97,94,85,76,181,179,179,177,400,366,1436,1436,1233,1178,1451,1440,1379,1349,1401,897,29995,29996]} 1. d4 d5 2. c4 c6 3. Nf3 Nf6 4. Qc2 dxc4 5. Qxc4 b5 (5... Bf5 $11) 6. Qc2 $1 $14 {D23: Queen's Gambit Accepted: 3 Nf3 Nf6 sidelines.} e6 7. e4 {[%cal Be2e4,Be4e5][%mdl 32]} Bb7 8. Nc3 {White is slightly better.} Nbd7 9. e5 Nd5 10. Nxd5 cxd5 11. Bd3 {[#]} Rc8 $146 ({Predecessor:} 11... Qb6 12. O-O Rc8 13. Qe2 b4 14. Rd1 h6 15. a3 a5 16. Be3 Be7 17. axb4 axb4 18. Ne1 O-O 19. Bxh6 gxh6 20. Qg4+ Kh8 21. Qh5 Kg7 22. Qg4+ {½-½ (22) Murshed,N (2407)-Zinchenko,Y (2531) Bhubaneswar 2009}) 12. Qe2 b4 13. h4 Qb6 14. Be3 Nb8 (14... Be7 $14 {deserves consideration.}) 15. O-O $16 Be7 16. Rac1 O-O {[#]} (16... Nc6 $16 {keeps fighting.}) 17. Ng5 $1 $18 Bxg5 {[#]} 18. Qh5 $1 $40 {[%csl Gd3][%cal Rh5h7][%mdl 128] White has strong attack.} ({Stronger than} 18. Bxg5 Qxd4 19. Rcd1 Qc5 $11) ({Inferior is} 18. hxg5 Ba6 $11) 18... Bh6 $2 (18... g6 {is a better defense.} 19. Qxg5 Ba6) 19. Bxh6 {Qg5 would kill now.} gxh6 (19... g6 20. Qg5 Nd7) 20. Qxh6 {[%csl Gd3][%cal Rh6h7]} f5 21. exf6 {[%csl Gd3][%cal Rh6h7]} Rc7 22. Rxc7 Qxc7 23. Re1 {White threatens Re5 and mate.} Qf7 24. Re5 {Intending Rg5+ and mate.} Kh8 {[#]} 25. Bxh7 $1 {[%mdl 512] Weighted Error Value: White=0.05 (flawless) /Black=0.75} 1-0

[Event "19th Delhi GM Open 2022"]
[Site "Delhi"]
[Date "2022.03.25"]
[Round "5.14"]
[White "Manigandan, S S"]
[Black "Deepan Chakkravarthy J."]
[Result "0-1"]
[WhiteElo "2127"]
[BlackElo "2520"]
[Annotator "TA"]
[PlyCount "76"]
[EventDate "2022.03.22"]
[EventType "swiss"]
[EventCountry "IND"]
[SourceTitle "playchess.com"]
[Source "ChessBase"]
[SourceQuality "1"]

{[%evp 15,76,24,31,12,16,0,0,0,0,0,0,-24,-14,-72,-25,-61,0,-3,18,8,6,-9,-8,-10,0,-12,14,0,0,0,0,0,0,0,0,-59,-63,-160,-154,-122,11,18,18,13,17,-86,-87,-629,-611,-759,-774,-930,-897,-887,-847,-1659,-1516,-29986,-29987,-29990,-29991,-29991,-6191]} 1. d4 g6 2. Nf3 Bg7 3. c4 d6 4. Nc3 f5 5. g3 Nf6 6. Bg2 O-O 7. O-O c6 $1 {[%mdl 4] outshines the older 7...Qe8.} 8. Rb1 Ne4 9. Qc2 {A88: Dutch Defence: Leningrad System: 5 Nf3 0-0 6 0-0 d6 7 Nc3 c6.} Nxc3 10. Qxc3 e5 11. dxe5 {The position is equal.} dxe5 {...e4 is the strong threat.} 12. e4 f4 13. b3 (13. Nxe5 $2 f3 14. Bxf3 (14. Bh1 $2 Nd7 $19) 14... Nd7 15. Nxc6 bxc6 $17) 13... Qe7 {Prevents Ba3.} 14. Bb2 (14. b4 $11) 14... Bg4 {[#]} (14... c5 $1 $17) 15. h3 $146 (15. Nxe5 $2 f3 16. Bh1 Nd7 17. Nxg6 hxg6 $19) ({Predecessor:} 15. Qa5 c5 16. Ba3 b6 17. Qd2 Rd8 18. Qe1 Nc6 19. h3 Be6 20. Rd1 fxg3 21. fxg3 Nd4 22. Bc1 {½-½ (22) Skembris,S (2455)-Leow,L (2455) Novi Sad 1990}) 15... Be6 (15... Bxf3 $15 16. Qxf3 (16. Bxf3 c5 $15) 16... c5) 16. Rbd1 ({But not} 16. Nxe5 f3 17. Bxf3 Nd7 18. Nxc6 bxc6 19. Qxg7+ Qxg7 20. Bxg7 Rxf3 $17) 16... Nd7 {[%cal Bb8d7,Bd7c5,Bc5e4][%mdl 32]} 17. Qd2 Rae8 18. Qd6 Qxd6 19. Rxd6 Nc5 20. Ng5 ({Don't blunder} 20. Nxe5 $2 f3 21. Nxf3 Bxb2 $19) 20... h6 21. Nxe6 Rxe6 22. Rfd1 Rxd6 23. Rxd6 f3 24. Bf1 Nxe4 25. Rxg6 ({White should try} 25. Rd1 $11) 25... Kf7 $15 26. Rg4 (26. Bd3 $1 $15 Kxg6 27. Bxe4+ Kf7 28. Bxf3) 26... Nf6 $17 {Black is more active.} 27. Rh4 Re8 (27... Ke6 $1 $17 28. Bc1 Rd8) 28. c5 $11 e4 29. Bc4+ Kg6 (29... Nd5 $2 30. Rf4+ Kg8 31. Rg4 $18) 30. Bxf6 (30. b4 $11 {remains equal.}) 30... Bxf6 {[%mdl 4096] Endgame KRB-KRB} 31. Rg4+ {[%mdl 8192] [#] Now White is beyond hope.} (31. Rf4 $17) 31... Bg5 $1 $19 32. h4 {[#]} Kf5 33. hxg5 (33. Rxe4 Kxe4) 33... hxg5 {KRB-KR} (33... Kxg4 34. g6 e3 35. fxe3 f2+ 36. Kxf2 $15) 34. Bf7 Re7 ({Not} 34... Rh8 35. Be6+ Kxe6 36. Rxe4+ Kf5 37. Rd4 $15 (37. Re7 $2 Rd8 $19)) 35. Bh5 Rd7 {White must now prevent ...Rd1+.} (35... Rh7 {[#]} 36. Rxe4 $1 Rxh5 37. g4+ Kxe4 38. gxh5 $18) 36. Kh2 Rh7 {Black mates.} 37. Rxg5+ Kxg5 38. g4 Rxh5+ {Weighted Error Value: White=0.94/Black=0.13 (very precise)} (38... Kf4 $142 39. b4 e3 40. fxe3+ Kxe3 41. Kg3 f2 42. Kg2 Ke2 43. Kh2 f1=Q 44. Kg3 Qf2+ 45. Kh3 Kf3 46. g5+ Rxh5#) 0-1

[Event "19th Delhi GM Open 2022"]
[Site "Delhi"]
[Date "2022.03.25"]
[Round "6.1"]
[White "Lalith Babu M R"]
[Black "Ponkratov, Pavel"]
[Result "1/2-1/2"]
[WhiteElo "2563"]
[BlackElo "2641"]
[Annotator "TA"]
[PlyCount "66"]
[EventDate "2022.03.22"]
[EventType "swiss"]
[EventCountry "IND"]
[SourceTitle "playchess.com"]
[Source "ChessBase"]
[SourceQuality "1"]

{[%evp 13,66,44,43,44,45,13,35,33,35,38,43,34,59,43,43,35,43,32,35,40,50,38,52,58,58,54,82,80,108,95,136,77,111,104,140,125,117,66,103,63,68,67,195,80,83,60,72,-27,-16,-31,55,48,37,39,48]} 1. d4 Nf6 2. c4 g6 3. Nc3 Bg7 4. e4 d6 5. Be2 O-O 6. Be3 c5 7. d5 e6 8. Nf3 $1 {E73: King's Indian: Averbakh Variation without 6...c5.} exd5 9. exd5 Bg4 10. O-O {[#]} a6 $146 ({Predecessor:} 10... Re8 11. h3 Bxf3 12. Bxf3 Nbd7 13. Qd2 Ne5 14. Be2 Nh5 15. b3 f5 16. Bxh5 gxh5 17. Rae1 a6 {1-0 (60) Sandhoefner,F (2290)-Manolache,M (2492) Vienna 2016}) 11. h3 Bxf3 12. Bxf3 Nfd7 13. Be2 f5 14. f4 Nf6 15. Bf3 Nbd7 16. Qd3 Ne8 {[%cal Ob7b5]} 17. Rab1 Qh4 18. Kh2 Nc7 {[%cal Ob7b5]} 19. b4 b6 20. bxc5 bxc5 21. Rb7 Rac8 (21... Qd8 $142) 22. Na4 (22. Ne2 $142) 22... Rfe8 23. g3 Qd8 24. Bd2 {White is more active.} Rb8 25. Qb3 (25. Rxb8 $16 Qxb8 26. Rb1) 25... Bd4 26. Ba5 Re3 27. Rxb8 {Chess con chili.} Nxb8 28. Qc2 (28. Qb7 $1 $18 Qe8 29. Bg2 $1 (29. Bxc7 $2 Rxf3 30. Qxb8 Qxb8 $19)) 28... Nd7 29. Kg2 Nf6 30. Re1 {[#]} (30. Bd2 $16) 30... Qe8 $11 31. Re2 {[#]} (31. Rf1 g5) 31... Qe7 ({Better is} 31... Ncxd5 $1 $15 32. cxd5 Rxe2+ 33. Qxe2 (33. Bxe2 $2 {loses.} Qe3 $19) 33... Qxa4) 32. Nc3 Nce8 33. Qd2 Rxe2+ {Weighted Error Value: White=0.21 (precise) /Black=0.15 (very precise)} 1/2-1/2

[Event "19th Delhi GM Open 2022"]
[Site "Delhi"]
[Date "2022.03.25"]
[Round "6.2"]
[White "Erigaisi Arjun"]
[Black "Harsha Bharathakoti"]
[Result "1/2-1/2"]
[WhiteElo "2633"]
[BlackElo "2499"]
[Annotator "TA"]
[PlyCount "70"]
[EventDate "2022.03.22"]
[EventType "swiss"]
[EventCountry "IND"]
[SourceTitle "playchess.com"]
[Source "ChessBase"]
[SourceQuality "1"]

{[%evp 12,70,22,26,27,28,45,23,30,11,11,9,20,12,18,22,13,-9,0,-35,-20,-53,-44,-44,-12,-39,-32,-30,-39,-31,-25,-50,-54,-49,-55,-52,-48,-75,-85,-74,-96,-79,-71,-70,-59,-44,-47,-63,-61,-62,-64,-54,-59,-37,-19,-19,-19,-21,-21,-15,0]} 1. e4 c5 2. Nf3 e6 3. d4 cxd4 4. Nxd4 a6 5. Bd3 Bc5 6. Nb3 Ba7 7. Qe2 Ne7 {B42: Sicilian: Kan Variation: 5 Bd3.} 8. Be3 O-O 9. N1d2 {9.c4 is a critical line.} Nbc6 {White has an edge.} 10. f4 Nb4 {[#]} 11. O-O $146 ({Predecessor:} 11. Bxa7 Rxa7 12. Qf2 Ra8 13. O-O d5 14. e5 f6 15. exf6 Rxf6 16. Rae1 Nxd3 17. cxd3 {0-1 (55) Fiedorek,M (2333)-Turski,B (1993) Ustron 2019}) 11... Nxd3 12. Qxd3 Bxe3+ 13. Qxe3 d6 14. a4 Qc7 15. Qd3 Bd7 {[%cal Bc8d7,Bd7c6,Bc6e4][%mdl 32]} 16. Nf3 Rac8 {[%cal Ba8c8,Bc8c2,Bc2b2][%mdl 32]} 17. Rf2 {[%cal Bf1f2,Bf2d2,Bd2d6][%mdl 32]} e5 18. Rd2 {Hoping for fxe5.} Bc6 (18... Be6 {keeps more tension.}) 19. Qxd6 Qxd6 ({Don't play} 19... Bxe4 20. fxe5 Rfe8 21. Re1 $11) 20. Rxd6 Bxe4 21. Nxe5 Rxc2 22. Rd2 Rfc8 {...Bd5 is the strong threat.} 23. Rad1 {[#] White threatens Rd8+ and mate.} Nd5 $1 24. g3 (24. Nf3 Rxd2) 24... f6 25. Nd3 Bxd3 26. Rxd3 {[#]} Rxb2 $1 27. Na5 (27. Rxd5 Rxb3) 27... Nc3 28. Rd8+ Rxd8 29. Rxd8+ $15 {[%mdl 4096] Endgame KRN-KRN} Kf7 30. Rd7+ Kg6 31. Nxb7 Nxa4 32. Nd8 Nc5 {To avoid Ne6} 33. f5+ $1 {The position is equal.} Kg5 34. Rxg7+ Kxf5 35. Rxh7 Ke5 {Weighted Error Value: White=0.08 (flawless) /Black=0.04 (flawless)} 1/2-1/2

[Event "19th Delhi GM Open 2022"]
[Site "Delhi"]
[Date "2022.03.25"]
[Round "6.3"]
[White "Arjun Kalyan"]
[Black "Delgado Ramirez, Neuris"]
[Result "1/2-1/2"]
[WhiteElo "2506"]
[BlackElo "2615"]
[Annotator "TA"]
[PlyCount "153"]
[EventDate "2022.03.22"]
[EventType "swiss"]
[EventCountry "IND"]
[SourceTitle "playchess.com"]
[Source "ChessBase"]
[SourceQuality "1"]

{[%evp 15,153,12,29,31,32,19,20,29,25,22,23,29,14,35,32,-3,42,0,0,27,15,20,16,9,29,24,0,-19,0,-52,-37,-26,-26,-106,-110,-108,-116,-115,295,300,301,291,276,281,274,199,189,185,171,177,177,162,165,165,167,72,66,61,60,54,61,53,74,82,79,68,68,68,77,86,93,62,55,55,55,56,68,68,88,88,88,76,80,0,88,88,88,25,89,88,88,87,88,79,109,68,116,33,41,34,33,29,233,230,203,69,69,85,137,19,19,8,19,19,19,19,68,68,68,68,68,68,68,68,68,68,68,68,68,68,68,68,68,68,68,68,68,8,8,8]} 1. e4 c5 2. Nf3 d6 3. d4 cxd4 4. Nxd4 Nf6 5. Nc3 a6 6. f3 e5 7. Nb3 Be6 8. Be3 h5 9. Nd5 {B90: Sicilian Najdorf: Unusual White 6th moves, 6 Be3 Ng4 and 6 Be3 e5.} Bxd5 10. exd5 Nbd7 11. Qd2 g6 12. O-O-O Nb6 13. Kb1 Nbxd5 14. Bg5 {[%cal Od2d5]} Be7 $1 15. Bd3 $1 {[%mdl 4] is recently more successful than 15.g3.} Nb6 (15... Qc7 $11 {was preferrable.}) 16. Rhe1 Qc7 17. Qf2 Ne4 18. Rxe4 Bxg5 19. f4 Bf6 {[%cal Bg5f6,Bf6e5,Be5g7][%mdl 32] [#]} 20. fxe5 $146 ({Predecessor:} 20. f5 g5 21. Rb4 Nd5 22. Rc4 Qb6 23. Qxb6 Nxb6 24. Rc7 d5 25. Rxb7 Nd7 26. Be2 {1-0 (47) Giri,A (2764)-Clarke,B (2424) Chess.com INT 2020}) 20... Bxe5 21. a4 Nd7 22. Rf1 (22. Rc4 $1 $11 Qd8 23. Rb4) 22... O-O $1 $15 {[%cal Ob7b5]} 23. g4 {And now gxh5 would win.} d5 {[%csl LRe4,LRh2]} 24. Re2 (24. Rb4 $11 {remains equal.}) 24... hxg4 $17 25. Qh4 Bg7 26. Qxg4 Rae8 $2 {[%mdl 8192] [#] Inhibits Re7.} (26... Ne5 $17 {and life is bright.} 27. Qg3 Rfe8) 27. Rxf7 $1 $18 {[%mdl 512]} Ne5 (27... Rxe2 28. Rxg7+ $1 {[%mdl 512]} (28. Rxf8+ Kxf8 29. Bxe2 Qe5 $11) 28... Kh8 29. Rh7+ $3 {[%mdl 512]} Kxh7 30. Qxg6+ Kh8 31. Qh7#) 28. Rxc7 {[%cal Oe2e5] Dancing on a razor blade.} Nxg4 29. Rxe8 (29. Rxb7 Rxe2 30. Bxe2 Nxh2 $18) 29... Rxe8 30. Bxg6 Re1+ 31. Ka2 {aiming for Nc5.} Ne5 32. Rc8+ Bf8 33. Bf5 {Black must now prevent Nd4.} Nc6 34. Nc5 {Hoping for Ne6.} Ne7 {[#]} 35. Be6+ ({Resist} 35. Nd3 $6 Re2 $14) (35. Bh7+ $1 $18 {[%mdl 512] has better winning chances.} Kg7 36. Rb8) 35... Kg7 $16 (35... Rxe6 $2 36. Rxf8+ $1 {[%mdl 512]} Kxf8 37. Nxe6+ Ke8 38. Nc5 $18) 36. Re8 {Strongly threatening Bd7. White is more active.} b6 37. Nd7 Rxe6 38. Nxf8 $14 {[%mdl 4096] Endgame KRN-KRN} ({Much worse is} 38. Rxf8 Rd6 39. Rd8 Nf5 $11) 38... Re2 39. Nd7 Kf7 40. Rb8 b5 41. axb5 axb5 42. c3 $1 Rxh2 43. Rxb5 Ke6 44. Nc5+ Kd6 45. Nd3 Rd2 46. Nb4 Rh2 47. Rb6+ Kd7 48. Kb3 Rh3 49. Ka2 Rh2 $1 50. Rf6 Rd2 51. Rf4 (51. Kb3 $16) 51... Rh2 (51... Ng6 $1 $11 {keeps the balance.} 52. Rg4 Ne5) 52. Kb3 Kd6 53. Rf6+ Kd7 54. Nd3 Nc6 55. Rf3 ({White should try} 55. Ka4 $16) 55... Rh4 {[#]} (55... Ke6 $14) 56. Kc2 (56. Ka3 $1 $16) 56... Rc4 57. Rf7+ Ke6 58. Rh7 Rg4 $2 (58... d4 $11) 59. Rh6+ $18 Kd7 {[#]} 60. Rh2 ({Better is} 60. b4 $1 $18) 60... Kc7 $14 61. b4 Rg3 (61... d4 $142) 62. b5 ({White should play} 62. Rh7+ $16 Kc8 63. Rh6 (63. Nf4 d4 $18)) 62... Na7 63. Nb4 Nxb5 64. Nxd5+ Kd6 65. Rh5 Nxc3 66. Nxc3 $11 {White threatens Ne4+ and mate. KRN-KR} Rg1 67. Kd3 Ke6 68. Kd4 Re1 69. Rh6+ Kf5 70. Rh8 Ra1 71. Rh5+ Ke6 72. Re5+ Kd6 73. Ne4+ Kd7 74. Nc5+ Kd6 75. Re6+ Kc7 76. Ra6 (76. Rh6 $14) 76... Rxa6 77. Nxa6+ {Weighted Error Value: White=0.20 (precise) /Black=0.29 (precise)} 1/2-1/2